Questions-réponses sur la Louisiane (Vol. 2) - Statistiques

Statistiques générales
  • Ce quiz a été pris 22 fois
  • Le résultat moyen est 9 sur 16
Statistiques - réponses
Questions Réponses % Correct
État frontalier de la Louisiane à l'est. Le Mississippi
100%
Capitale de la Louisiane. Bâton rouge
95%
État frontalier de la Louisiane à l'ouest. Le Texas
84%
Roi de France au nom duquel Robert Cavelier de La Salle prit possession du territoire en 1682. Louis XIV
79%
Reptile mangeur d'hommes que chassaient traditionnellement les Acadiens de Louisiane. L'alligator
74%
État frontalier de la Louisiane au Nord. L'Arkansas
68%
Ville de l'actuel État du Missouri fondée et développée par les Français au temps de la Louisiane française puis espagnole, ville organisatrice simultanément d'une exposition universelle et des Jeux olympiques en 1904. Saint Louis
63%
Crustacé devenu spécialité culinaire en Louisiane, notamment au sein de la communauté d'origine acadienne, au Pont Breaux (Breaux Bridge), ville reconnue comme capitale de la culture de ce crustacé. L'écrevisse
58%
Pratique interdite en Louisiane depuis le mois de mai 2022. L'avortement
53%
Rocker français interprète de la chanson "Cabana Louisiana" en 1978. Dick Rivers
47%
La Louisiane adhère à cette organisation internationale depuis 2018. La Francophonie
47%
Subdivision administrative de la Louisiane qui rappelle le passé catholique, français et espagnol de l'État. La paroisse
47%
Autre nom du "Quartier français" de la plus grande ville de Louisiane (nom de la ville dans le Vol. 1), quartier qui n'a plus grand chose de français aujourd'hui. Le Vieux carré
42%
Nom de deux ministres - père et fils - du précédent ainsi que d'une grande étendue d'eau salée à l'est de la Louisiane, considéré à tort comme un lac. Pontchartrain
37%
Série américaine de H.B.O. diffusée originellement en 2014 dans laquelle les Français de Louisiane sont dépeints comme des criminels, violeurs, assassins et d'obscurs satanistes. True Detective
32%
Célèbre défluent du grand fleuve éponyme de l'État situé à l'est de la Louisiane, défluent le long duquel se sont installés les exilés acadiens après les déportations anglaises du XVIIIe siècle. L'Atchafalaya
21%
Aucun quiz correspondant
Distribution des résultats
% des personnes avec chaque résultat
Percentile par nombre de réponses
Votre historique - résultats
Vous n’avez pas pris ce quiz